| 000 | 00800cam a2200193 4500 | ||
|---|---|---|---|
| 001 | B559 | ||
| 008 | 090401t1979 xxu||||| |||| 00| 0 eng d | ||
| 035 | _a(Sirsi) u36512 | ||
| 041 | _aeng | ||
| 050 | _a692.809535 | ||
| 110 |
_aRoyal Institution of Chartered Surveyors _bUnited Arab Emirates Group _92781 |
||
| 245 | _aCode of procedure for selective tendering 1979 prepared for use by private clients,public authorities and consultants in the United Arab Emirates ...based on the Code of Procedure...1972 prepared by the National Joint Consultative Committee of Architects,Quantity Surveyors and Builders | ||
| 260 |
_aDubai _bRICS Group (UAE) _c1979 |
||
| 300 | _a7 leaves ; 30cm. | ||
| 350 | _a9.95 | ||
| 650 | _aBUILT ENVIRONMENT-BUILDING CONTRACT FORMS | ||
| 942 | _n0 | ||
| 948 | _c04/03/1997 | ||
| 999 |
_c90310 _d90310 |
||